| 000 | 00585nam a22001697a 4500 | ||
|---|---|---|---|
| 003 | OSt | ||
| 005 | 20171010095508.0 | ||
| 008 | 120810t xxu||||| |||| 00| 0 eng d | ||
| 040 |
_aMMSU _cULS |
||
| 100 |
_aPojas, Elvira C. _911987 |
||
| 245 |
_aMutilation and theft of library materials in college and university libraries in Region I _cElvira C. Pojas |
||
| 260 | _c1990 | ||
| 300 |
_axxx, 243 leaves _c28 cm. |
||
| 500 | _aThesis (Master in Library Science) -- University of the Philippines, Diliman, Quezon City | ||
| 504 | _aBibliography: leaves 221-227 | ||
| 942 |
_2ddc _cTHEDIS |
||
| 999 |
_c9694 _d9694 |
||